Statistics for Ohio True or False?

Click here to take the quiz!

General Stats

  • This quiz has been taken 1,291 times
  • The average score is 9 of 15

Answer Stats

QuestionAnswer% Correct
Ohio has a SpringfieldTrue
90%
The Cuyahoga River has caught fire several timesTrue
84%
It is possible to travel from Toledo, OH to Duluth, MN entirely by waterTrue
81%
The first-ever ambulance service was developed in Cincinnati in 1865True
75%
Buckeyes are a type of beanFalse
73%
Ohio's state motto is "The Crossroads of America"False
72%
The first controlled powered airplane flight took place in OhioFalse
66%
Ohio is the only U.S. state with a non-rectangular flagTrue
63%
No colony/state has had more presidents born within its borders than OhioFalse
58%
LeBron James was born in ClevelandFalse
54%
Ohio has a higher population density than HawaiiTrue
50%
There is a large bronze statue of Arnold Schwarzenegger in downtown ColumbusTrue
45%
Ohio has a higher average temperature than IllinoisFalse
36%
Youngstown is home to the largest railroad museum east of the MississippiFalse
33%
The first two cars in Ohio managed to crash into each otherFalse
19%

Score Distribution

Percentile by Number Answered

Percent of People with Each Score

Your Score History

You have not taken this quiz